Statystyki dla Kandydaci na prezydenta RP 1995

Kliknij tutaj aby rozwiązać quiz!

Ogólne statystyki

  • Ten quiz został rozwiązany 69 razy
  • Średni wynik to 5 z 10

Statystyki odpowiedzi

% głosów w I turze% głosów w II turzePartiaKandydat% Poprawnych
35,1151,72Socjaldemokracja RPAleksander Kwaśniewski
100%
33,1148,28BezpartyjnyLech Wałęsa
98%
2,40-Unia Polityki RealnejJanusz Korwin-Mikke
83%
1,32-Przymierze SamoobronaAndrzej Lepper
77%
4,31-PSLWaldemar Pawlak
58%
9,22-Unia WolnościJacek Kuroń
27%
2,76-BezpartyjnaHanna Gronkiewicz-Waltz
26%
6,86-Ruch dla RPJan Olszewski
20%
1,12-BezpartyjnyJan Pietrzak
11%
3,53-Unia PracyTadeusz Zieliński
5%

Rozkład punktacji

Percentyl według liczby udzielonych odpowiedzi

Procent ludzi z każdym wynikiem

Twoja historia wyników

Nie rozwiązałeś tego quizu